Fußball: Vereine der 3. Liga in der Saison 2023/24 - Statistiken

Allgemein
  • Dieses Quiz wurde 529 mal gespielt
  • Das Durchschnittsergebnis liegt bei 15 aus 20
Antwortstatistiken
Vereine % Korrekt
Dynamo Dresden
92%
Borussia Dortmund II
89%
SSV Ulm 1846
84%
TSV 1860 München
84%
SC Freiburg II
83%
SSV Jahn Regensburg
82%
Arminia Bielefeld
81%
Preußen Münster
80%
1. FC Saarbrücken
78%
MSV Duisburg
77%
Rot-Weiss Essen
75%
SpVgg Unterhaching
75%
SV Waldhof Mannheim
74%
FC Erzgebirge Aue
71%
FC Viktoria Köln
71%
SV Sandhausen
71%
VfB Lübeck
70%
SC Verl
69%
Hallescher FC
66%
FC Ingolstadt 04
64%
Keine übereinstimmenden Quizze gefunden
Verteilung der Resultate
Anzahl Personen mit jedem Resultat
Perzentil nach korrekt beantworteten Fragen
Ihre Resultats-Entwicklung
Sie haben dieses Quiz noch nicht gespielt